Cities and Villages in McHenry County Illinois - Statistics

General Stats
  • This quiz has been taken 24 times
  • The average score is 16 of 30
Answer Stats
Hint Answer % Correct
City McHenry
94%
City Crystal Lake
83%
City Harvard
83%
City Woodstock
83%
Village Fox River Grove
72%
Village Cary
67%
Village Fox Lake
67%
Village Lake in the Hills
67%
Village Algonquin
61%
Village Huntley
61%
City Marengo
61%
Village Lakewood
56%
Village Richmond
56%
Village Union
56%
Village Barrington Hills
50%
Village Island Lake
50%
Village Holiday Hills
44%
Village Johnsburg
44%
Village Lakemoor
44%
Village Port Barrington
44%
Village Ringwood
44%
Village Spring Grove
44%
Village Wonder Lake
44%
Village Bull Valley
39%
Village Hebron
39%
Village Greenwood
33%
Village Oakwood Hills
33%
Village McCullom Lake
28%
Village Prairie Grove
28%
Village Trout Valley
28%
No matching quizzes found
Score Distribution
Percent of People with Each Score
Percentile by Number Answered
Your Score History
You have not taken this quiz